| 000 | 00370cam a2200145ua 4500 | ||
|---|---|---|---|
| 020 | _a81-315-0137-X | ||
| 082 |
_a515 _bBUR/NU |
||
| 100 |
_aBurden , Richard L . _91371 |
||
| 100 |
_aFaires , Douglas J . _91372 |
||
| 245 | _aNumerical Analysis / | ||
| 250 | _a 7 / | ||
| 260 |
_aAustralia : _bThomson Brookes I Code , _c2007. |
||
| 300 | _a765 , 841 | ||
| 942 | _cBBS | ||
| 999 |
_c13042 _d13042 |
||